Biblioteca "Ernesto Sabato"
Facultad de Derecho y Ciencias Sociales
Facultad de Lenguas
Universidad Nacional del Comahue

Fundamental issues for connectionist language processing (Record no. 14722)

MARC details
000 -CABECERA
campo de control de longitud fija 00642caa a22001692a 4500
001 - NÚMERO DE CONTROL
campo de control 008922
003 - IDENTIFICADOR DEL NÚMERO DE CONTROL
campo de control AR-FADEU
008 - DATOS DE LONGITUD FIJA--INFORMACIÓN GENERAL
campo de control de longitud fija 311216n########xxu####################dd
092 ## - ASIGNACIÓN LOCAL DE SIGNATURA TOPOGRÁFICA DEWEY (OCLC)
Número de clasificación 401.932
Número de documento/Ítem P426
100 ## - ENTRADA PRINCIPAL--NOMBRE DE PERSONA
Nombre de persona Sharkey, Noel
245 ## - MENCIÓN DE TÍTULO
Título Fundamental issues for connectionist language processing
300 ## - DESCRIPCIÓN FÍSICA
Extensión PP. 152-184
500 ## - NOTA GENERAL
Nota general En: Performance and competence in second language acquisition /ed. Gillian Brown. Cambridge : University Press, 1996
546 ## - NOTA DE LENGUA/LENGUAJE
Nota de lengua/lenguaje Inglés
773 0# - ENLACE AL DOCUMENTO FUENTE/ENTRADA DE REGISTRO ANFITRIÓN
Número bibliográfico anfitrión 14714
Número de ítem anfitrión 13794
Encabezamiento principal
Edición
Lugar, editor y fecha de publicación Cambridge
Otro identificador del documento 03406
Título PERFORMANCE and competence in second language acquisition
Número de control del registro ( AR-FADEU) 008914
Número Internacional Normalizado para Publicaciones Seriadas
Número Internacional Estándar del Libro 0-521-55861-1
942 ## - ELEMENTOS DE PUNTO DE ACCESO ADICIONAL (KOHA)
Tipo de ítem Koha BDGR

No items available.

Facultad de Derecho y Ciencias Sociales | Universidad Nacional del Comahue | Mendoza y Perú General Roca | Río Negro CP (8332) | Patagonia Argentina | Teléfono: 54-0298-4433670 | | Fax: 0298-4432093 | Fax alumnos: 0298-4435700